| 000 | 00775nam a2200205 i 4500 | ||
|---|---|---|---|
| 001 | 101272 | ||
| 003 | ES-MaACL | ||
| 005 | 20230906182848.0 | ||
| 007 | t| | ||
| 008 | 051017s1947 mx ||||1| spa d | ||
| 100 | 1 |
_aMaynard, Leonard A. _979387 |
|
| 245 | 1 | 0 |
_aNutrición animal _b: fundamentos de la alimentación del ganado / _cpor Leonard A. Maynard; traducido al castellano por Juan de Adarraga. |
| 260 |
_aMéxico : _bUnión Tipográfica Editorial Hispano-Americana, _c1947. |
||
| 300 |
_aXIV, 449 p. : _bil. ; _c24 cm. |
||
| 490 | 1 | _aBiblioteca técnica de agricultura y ganadería | |
| 700 | 1 |
_aAdarraga, Juan de. _918416 |
|
| 830 | 0 |
_aBiblioteca técnica de agricultura y ganadería _9183889 |
|
| 852 |
_aES-MaACL _jC-5453 _bR.25712 |
||
| 999 |
_c101272 _d101272 |
||